000 00595nam a2200205Ia 4500
003 IEPS
005 20250703135328.0
008 250223s9999||||xx |||||||||||||| ||und||
020 _a9789957223588
040 _CIEPS
041 _aara
082 _a158.4
100 _aالناطور فايز عبد الكريم
245 0 _aالتحفيز و مهارات تطوير الذات
260 _aعمان
_bدار أسامة للنشر و التوزيع
_c2016
300 _a248 ص.
_c24 سم.
653 _aالشخصية
653 _aسيكولوجية الشخصية
942 _cكتاب
999 _c13750
_d13750